[Event "Mittelrhein Verbandsliga Nord 1920"]
[Site "Mittelrhein"]
[Date "2020.02.16"]
[Round "6.5"]
[White "Bosbach, Jens"]
[Black "Baldus, Alexander"]
[Result "1/2-1/2"]
[WhiteElo "1853"]
[BlackElo "1855"]
[PlyCount "180"]
[EventDate "2019.09.29"]
[EventType "team-tourn"]
[EventRounds "9"]
[EventCountry "GER"]
[SourceTitle "EXT 2023"]
[Source "ChessBase"]
[SourceDate "2022.10.05"]
[SourceVersion "1"]
[SourceVersionDate "2022.10.05"]
[SourceQuality "1"]
[WhiteTeam "Monheim/Baumberg"]
[BlackTeam "Pulheim"]
[WhiteTeamCountry "GER"]
[BlackTeamCountry "GER"]

1. d4 Nf6 2. Nf3 g6 3. c4 Bg7 4. Nc3 0-0 5. e3 d6 6. Be2 Nbd7 7. b3 e5 8. Bb2 exd4 9. exd4 Re8 10. 0-0 Nf8 11. Qd2 d5 12. cxd5 Nxd5 13. Nxd5 Qxd5 14. Bc4 Qd6 15. d5 Bxb2 16. Qxb2 a6 17. a4 Bd7 18. Nd4 Qb4 19. Nc2 Qd6 20. Ne3 Qe5 21. Qd2 b5 22. Be2 bxa4 23. bxa4 c6 24. Bf3 cxd5 25. Nxd5 Rad8 26. Rae1 Qg7 27. Rxe8 Rxe8 28. Nb6 Be6 29. Qa5 Qd4 30. Qxa6 Bb3 31. Qb5 Rb8 32. a5 Bc2 33. Qc6 Bf5 34. Qc7 Rd8 35. h3 Ne6 36. Qc6 Ng5 37. Re1 Nxf3+ 38. Qxf3 Qb4 39. Ra1 Be6 40. Qe3 Rb8 41. Qe5 Rd8 42. Qc7 Rd2 43. Qb8+ Kg7 44. Qe5+ Kg8 45. Qe3 Qb2 46. Ra4 Re2 47. Qf3 Re1+ 48. Kh2 Rf1 49. Kg3 Rc1 50. Re4 Ra1 51. Re2 Qb5 52. Qa8+ Kg7 53. Qd8 Ra3+ 54. Re3 Qe5+ 55. Kf3 Qh5+ 56. Kg3 Qe5+ 57. Kf3 Qf5+ 58. Kg3 Rxa5 59. Qd4+ Kg8 60. Qd8+ Kg7 61. Qd4+ f6 62. Qd6 Re5 63. Qe7+ Bf7 64. Rxe5 fxe5 65. Qb4 Qf6 66. Nd7 Qg5+ 67. Kh2 Qd8 68. Qd6 Kh6 69. g3 e4 70. Ne5 Qe8 71. Ng4+ Kg7 72. Qf6+ Kf8 73. Qh8+ Ke7 74. Qxh7 Kd6 75. Qg7 Qe6 76. Qd4+ Ke7 77. Kg2 Qf5 78. Qe5+ Kf8 79. Qxf5 gxf5 80. Ne3 Be6 81. h4 Kg7 82. f3 exf3+ 83. Kxf3 Kg6 84. Kf4 Bc8 85. Ke5 Bd7 86. Nd5 Kf7 87. Nf6 Bc8 88. Nh5 Kg6 89. Nf4+ Kf7 90. Kd6 Bb7 1/2-1/2

[Event "Mittelrhein Verbandsliga-N 18/19"]
[Site "Nordrheinwestfalen"]
[Date "2019.05.19"]
[Round "11.6"]
[White "Nerowski, Bernhard"]
[Black "Bosbach, Jens"]
[Result "1/2-1/2"]
[WhiteElo "1583"]
[BlackElo "1855"]
[PlyCount "94"]
[EventDate "2018.09.02"]
[EventType "team-tourn"]
[EventRounds "12"]
[EventCountry "GER"]
[SourceTitle "EXT 2022"]
[Source "ChessBase"]
[SourceDate "2021.10.06"]
[SourceVersion "1"]
[SourceVersionDate "2021.10.06"]
[SourceQuality "1"]
[WhiteTeam "Dormagen SV"]
[BlackTeam "Baumberg"]
[WhiteTeamCountry "GER"]
[BlackTeamCountry "GER"]

1. d4 Nf6 2. c4 e6 3. Nf3 b6 4. e3 Bb7 5. Bd3 Bb4+ 6. Bd2 Be7 7. 0-0 d6 8. Nc3 Nbd7 9. Rc1 c5 10. Be2 0-0 11. Qc2 Rc8 12. b3 Qc7 13. Rfd1 Qb8 14. Ne1 cxd4 15. exd4 d5 16. Qd3 Rfd8 17. cxd5 Nxd5 18. Nxd5 Bxd5 19. Bf3 Nf6 20. Bxd5 Nxd5 21. Nf3 Ba3 22. Rxc8 Rxc8 23. Ne5 b5 24. h4 Qb7 25. Rb1 Bb4 26. Rc1 Bxd2 27. Qxd2 b4 28. Nd3 Rxc1+ 29. Qxc1 Nc3 30. Qd2 a5 31. Ne5 Qd5 32. Nf3 h6 33. Ne5 Qxd4 34. Qxd4 Ne2+ 35. Kf1 Nxd4 36. Nc4 Nc6 37. Ke2 Kf8 38. Kd3 Ke7 39. Ke4 f5+ 40. Ke3 g5 41. g3 e5 42. hxg5 hxg5 43. f3 Ke6 44. g4 fxg4 45. fxg4 Kd5 46. Nb6+ Kc5 47. Nc4 Kd5 1/2-1/2

[Event "Dortmund Sparkassen op-B 44th"]
[Site "Dortmund"]
[Date "2016.07.11"]
[Round "3"]
[White "Bosbach, Jens"]
[Black "Sennholz, Michael"]
[Result "1-0"]
[WhiteElo "1862"]
[BlackElo "1637"]
[PlyCount "101"]
[EventDate "2016.07.09"]
[EventType "swiss"]
[EventRounds "9"]
[EventCountry "GER"]
[SourceTitle "CBM 173 Extra"]
[Source "ChessBase"]
[SourceDate "2016.08.29"]
[SourceVersion "1"]
[SourceVersionDate "2016.08.29"]
[SourceQuality "1"]

1. d4 g6 2. Nf3 Bg7 3. c4 c5 4. e3 d6 5. Nc3 Nd7 6. Be2 Ngf6 7. 0-0 0-0 8. b3 e5 9. dxe5 dxe5 10. Bb2 e4 11. Nd2 Re8 12. Qc2 Qe7 13. Rad1 Ne5 14. Rfe1 Bf5 15. Nf1 Nd3 16. Bxd3 exd3 17. Qc1 Rad8 18. Ng3 Qd7 19. Rd2 Re7 20. Nxf5 Qxf5 21. h3 a6 22. Red1 b5 23. Qa1 Bh6 24. Rf1 b4 25. Nd5 Nxd5 26. cxd5 Rxd5 27. Re1 Qc8 28. Qc1 Re4 29. a3 bxa3 30. Bxa3 c4 31. bxc4 Rxc4 32. Qd1 Qd7 33. Qb3 Rc8 34. Red1 Rd8 35. Bb2 Rb5 36. Qc3 Rxb2 37. Qxb2 Bg7 38. Qa3 Qb7 39. Rxd3 Rxd3 40. Qxd3 Bf8 41. Ra1 Qb4 42. Qxa6 Bd6 43. Rd1 Be5 44. Qa8+ Kg7 45. Qd5 Qc3 46. Qd3 Qa5 47. g3 Qc7 48. Kg2 h5 49. h4 f5 50. Qb5 Kf6 51. Rd7 1-0

[Event "Dortmund Sparkassen op-B"]
[Site "Dortmund"]
[Date "2015.06.27"]
[Round "1"]
[White "Spaeh, Jan Lukas"]
[Black "Bosbach, Jens"]
[Result "1-0"]
[WhiteElo "1613"]
[BlackElo "1863"]
[PlyCount "139"]
[EventDate "2015.06.27"]
[EventType "swiss"]
[EventRounds "9"]
[EventCountry "GER"]
[SourceTitle "CBM 167 Extra"]
[Source "ChessBase"]
[SourceDate "2015.09.14"]
[SourceVersion "1"]
[SourceVersionDate "2015.09.14"]
[SourceQuality "1"]

1. d4 Nf6 2. c4 e6 3. g3 c5 4. Nf3 Nc6 5. Nc3 cxd4 6. Nxd4 Qb6 7. Ndb5 Bc5 8. Nd6+ Kf8 9. e3 Ne5 10. Nde4 Nxe4 11. Nxe4 Bb4+ 12. Bd2 Bxd2+ 13. Nxd2 Qc6 14. Rg1 Rb8 15. f4 Ng6 16. Bg2 Qc5 17. Qe2 b6 18. a3 Bb7 19. Bxb7 Rxb7 20. Ne4 Qc6 21. Qd3 Ne7 22. Nd6 Rc7 23. Rc1 Nc8 24. Nb5 Rb7 25. Kf2 a6 26. Nc3 d6 27. Rgd1 Rd7 28. e4 Ke7 29. Qd4 Qc5 30. Qxc5 dxc5 31. Rxd7+ Kxd7 32. Rd1+ Kc7 33. e5 Rd8 34. Rxd8 Kxd8 35. Ke3 Ke7 36. b4 cxb4 37. axb4 Kd7 38. Ne4 h6 39. Kd4 a5 40. bxa5 bxa5 41. Kc5 a4 42. Kb4 Nb6 43. Nc5+ Kc6 44. Nxa4 Nd7 45. Kc3 f6 46. Kd4 fxe5+ 47. fxe5 g6 48. g4 h5 49. g5 h4 50. h3 Nf8 51. Nc5 Kc7 52. Ke4 Kc6 53. Nd3 Nd7 54. Kd4 Nf8 55. Nf4 Kd7 56. Kc5 Nh7 57. Nxg6 Nxg5 58. Nxh4 Nxh3 59. Kb6 Nf4 60. Nf3 Nd3 61. c5 Nb4 62. Nd4 Nd5+ 63. Kb7 Nc7 64. c6+ Kd8 65. Kb6 Nd5+ 66. Kc5 Ke7 67. Nb5 Kd8 68. Kd6 Nb6 69. Kxe6 Nc4 70. c7+ 1-0

[Event "Solingen Karneval op"]
[Site "Solingen"]
[Date "2014.03.01"]
[Round "2"]
[White "Bosbach, Jens"]
[Black "Breuer, Leon"]
[Result "1-0"]
[WhiteElo "2021"]
[BlackElo "1485"]
[PlyCount "73"]
[EventDate "2014.02.28"]
[EventType "swiss"]
[EventRounds "5"]
[EventCountry "GER"]
[SourceTitle "EXT 2016"]
[Source "ChessBase"]
[SourceDate "2015.10.08"]
[SourceVersion "1"]
[SourceVersionDate "2015.10.08"]
[SourceQuality "1"]

1. d4 d5 2. Nf3 Nf6 3. e3 e6 4. Nbd2 Bd6 5. Bd3 0-0 6. b3 c6 7. Bb2 Qc7 8. Ne5 c5 9. f4 Nbd7 10. Qh5 Nb6 11. Qh3 Be7 12. 0-0 Nbd7 13. Nxd7 Bxd7 14. dxc5 h6 15. b4 e5 16. Bxe5 Qc6 17. Qg3 a5 18. c3 b6 19. cxb6 axb4 20. cxb4 Bxb4 21. b7 Rae8 22. Rfd1 Qb6 23. Rab1 Nh5 24. Qf2 Qa5 25. Nb3 Qa7 26. b8Q Rxb8 27. Bxb8 Rxb8 28. Nd4 Qa3 29. Qe2 Nf6 30. Nc2 Qa5 31. Nxb4 Rxb4 32. Rxb4 Qxb4 33. Rb1 Qd6 34. Qb2 g6 35. Qb8+ Qxb8 36. Rxb8+ Kg7 37. Bb5 1-0

[Event "Dortmund Sparkassen op-B"]
[Site "Dortmund"]
[Date "2012.07.21"]
[Round "8"]
[White "Bosbach, Jens"]
[Black "Stricker, Florian"]
[Result "1-0"]
[WhiteElo "1829"]
[BlackElo "1674"]
[PlyCount "185"]
[EventDate "2012.07.14"]
[EventType "swiss"]
[EventRounds "9"]
[EventCountry "GER"]
[SourceTitle "EXT 2014"]
[Source "ChessBase"]
[SourceDate "2013.11.20"]
[SourceVersion "1"]
[SourceVersionDate "2013.11.20"]
[SourceQuality "1"]

1. c4 e5 2. Nc3 Nc6 3. g3 Nf6 4. Bg2 Bc5 5. e3 d6 6. a3 Bf5 7. b4 Bb6 8. d3 Qe7 9. Nge2 Nd8 10. Na4 e4 11. d4 c6 12. Bb2 d5 13. cxd5 cxd5 14. Rc1 Bc7 15. Qb3 Rc8 16. Nc5 Bd6 17. Qa4+ Nd7 18. Nc3 Bxc5 19. dxc5 0-0 20. Nxd5 Qe6 21. Nf4 Qc6 22. Qd1 Re8 23. Qh5 g6 24. Qh6 Ne5 25. 0-0 Qf6 26. Bd4 Ndc6 27. Ba1 Qg7 28. Qxg7+ Kxg7 29. Rfd1 g5 30. Ne2 f6 31. Nd4 Nxd4 32. Rxd4 Nd3 33. Rd1 Kf7 34. Bf1 Bg4 35. Rb1 Ne5 36. Bg2 Nf3+ 37. Bxf3 Bxf3 38. Rc1 a6 39. Rc2 g4 40. Kf1 Re6 41. Rd7+ Re7 42. Rcd2 Rc6 43. R7d6 Rxd6 44. Rxd6 Re6 45. Rd5 b6 46. cxb6 Rxb6 47. Bd4 Rc6 48. Bc5 Ke6 49. Rd8 a5 50. Rb8 axb4 51. axb4 Kd5 52. Ra8 Kc4 53. Ke1 Kc3 54. Ra1 Rc7 55. Rc1+ Kb3 56. b5 Rb7 57. b6 Ka4 58. Bd4 Kb5 59. Rc7 Ka6 60. Rc6 Rd7 61. Rxf6 Kb7 62. Kd2 Re7 63. Kc3 Be2 64. Bc5 Rd7 65. Kb4 Bd3 66. Rf4 h5 67. Rf5 Rh7 68. Bd4 Be2 69. Kc5 Bd3 70. Kd6 Bc4 71. Ke5 Bd3 72. Kf4 Bc2 73. Rf6 Kb8 74. Kg5 Bd1 75. Rg6 Kb7 76. Rh6 Rd7 77. Kxh5 Rd5+ 78. Kg6 Rd6+ 79. Kg5 Rd5+ 80. Kf4 Rd7 81. Ke5 Re7+ 82. Kd6 Rf7 83. Re6 Rxf2 84. Re7+ Kb8 85. Rxe4 Bf3 86. Re8+ Kb7 87. Re7+ Kb8 88. e4 Re2 89. e5 Rxh2 90. e6 Rd2 91. Ke5 Re2+ 92. Kf6 Bc6 93. Be5+ 1-0

[Event "Mittelrhein Verbandsliga-M 1112"]
[Site "Germany"]
[Date "2011.09.18"]
[Round "1.6"]
[White "Tomann, Daniel"]
[Black "Bosbach, Jens"]
[Result "1-0"]
[WhiteElo "1992"]
[BlackElo "1769"]
[PlyCount "95"]
[EventDate "2011.09.18"]
[EventType "team-tourn"]
[EventRounds "11"]
[EventCountry "GER"]
[SourceTitle "EXT 2013"]
[Source "ChessBase"]
[SourceDate "2012.11.22"]
[SourceVersion "1"]
[SourceVersionDate "2012.11.22"]
[SourceQuality "1"]
[WhiteTeam "Koeln Lasker II"]
[BlackTeam "Langenfeld III"]
[WhiteTeamCountry "GER"]
[BlackTeamCountry "GER"]

1. Nf3 Nf6 2. g3 b6 3. Bg2 Bb7 4. 0-0 e6 5. d3 Be7 6. e4 d6 7. h3 0-0 8. Nc3 c5 9. g4 Nc6 10. Bf4 Nd4 11. Ne2 Nxf3+ 12. Bxf3 d5 13. e5 Ne8 14. Re1 Bg5 15. Qd2 Bxf4 16. Nxf4 g6 17. Rad1 Qe7 18. d4 cxd4 19. Qxd4 Ng7 20. c3 Rfc8 21. Ne2 Qg5 22. Qf4 Qxf4 23. Nxf4 Rc4 24. Ne2 Rac8 25. Nd4 a6 26. Be2 R4c7 27. Nc2 Kf8 28. Nb4 Ra8 29. f4 a5 30. Nc2 Ba6 31. Bxa6 Rxa6 32. Kf2 b5 33. a3 Rb6 34. Rd4 Rc4 35. Red1 Ne8 36. Ne3 Rxd4 37. Rxd4 a4 38. Nc2 Nc7 39. Nb4 Na6 40. Nxa6 Rxa6 41. Rb4 Rb6 42. Ke3 Ke7 43. Kd4 Rc6 44. Rxb5 Rc4+ 45. Ke3 Re4+ 46. Kf3 Rc4 47. Rb7+ Kf8 48. Rb4 1-0

[Event "Dortmund Sparkassen op-B"]
[Site "Dortmund"]
[Date "2011.07.23"]
[Round "1"]
[White "Friedel, Roland"]
[Black "Bosbach, Jens"]
[Result "1/2-1/2"]
[WhiteElo "1762"]
[BlackElo "2020"]
[PlyCount "72"]
[EventDate "2011.07.23"]
[EventType "swiss"]
[EventRounds "9"]
[EventCountry "GER"]
[SourceTitle "EXT 2013"]
[Source "ChessBase"]
[SourceDate "2012.11.22"]
[SourceVersion "1"]
[SourceVersionDate "2012.11.22"]
[SourceQuality "1"]

1. d4 Nf6 2. Nf3 e6 3. Bg5 Be7 4. e3 b6 5. Bd3 Bb7 6. Nbd2 h6 7. Bh4 d6 8. e4 Nbd7 9. 0-0 0-0 10. Re1 Nh5 11. Bxe7 Qxe7 12. c3 Nf4 13. Bf1 e5 14. g3 Ng6 15. Qc2 Rac8 16. Rad1 Rfd8 17. Bh3 Ra8 18. Nc4 Nf6 19. Nfd2 Bc8 20. Bxc8 Raxc8 21. Ne3 c5 22. dxc5 dxc5 23. f3 Rd7 24. Ndf1 Rcd8 25. Rxd7 Rxd7 26. Rd1 Qd8 27. Rxd7 Qxd7 28. Qd2 Ne7 29. Qxd7 Nxd7 30. c4 Nc6 31. a3 Nd4 32. Kf2 Nb8 33. Nd5 Nbc6 34. Nd2 Kf8 35. Ke3 f6 36. Kf2 Kf7 1/2-1/2

[Event "Dortmund Sparkassen op-B"]
[Site "Dortmund"]
[Date "2010.07.24"]
[Round "8"]
[White "Bosbach, Jens"]
[Black "Heldt, Maximilian"]
[Result "1-0"]
[WhiteElo "2025"]
[BlackElo "1438"]
[PlyCount "59"]
[EventDate "2010.07.17"]
[EventType "swiss"]
[EventRounds "9"]
[EventCountry "GER"]
[SourceTitle "EXT 2014"]
[Source "ChessBase"]
[SourceDate "2013.11.20"]
[SourceVersion "1"]
[SourceVersionDate "2013.11.20"]
[SourceQuality "1"]

1. d4 c5 2. e3 e6 3. Nf3 Nf6 4. Nbd2 Nc6 5. c3 cxd4 6. exd4 d5 7. Bd3 Bd6 8. Qe2 Qc7 9. 0-0 0-0 10. Re1 Re8 11. Ne5 h6 12. Ndf3 Nd7 13. Nxc6 bxc6 14. Ne5 Bb7 15. Qh5 Nf6 16. Qh4 Be7 17. Bf4 Qd8 18. Re3 Ne4 19. Qh5 Bg5 20. Qxf7+ Kh7 21. Bxg5 Qxg5 22. Qxb7 Rab8 23. Qxc6 Rf8 24. Bxe4+ dxe4 25. Qxe4+ Kh8 26. Nd7 Rxf2 27. Kxf2 Rxb2+ 28. Re2 Rxe2+ 29. Qxe2 Qf4+ 30. Kg1 1-0

[Event "Dortmund Sparkassen op-B"]
[Site "Dortmund"]
[Date "2010.07.20"]
[Round "4"]
[White "Bosbach, Jens"]
[Black "Mueller, Laura Margarita"]
[Result "1-0"]
[WhiteElo "2025"]
[BlackElo "1632"]
[PlyCount "81"]
[EventDate "2010.07.17"]
[EventType "swiss"]
[EventRounds "9"]
[EventCountry "GER"]
[SourceTitle "EXT 2014"]
[Source "ChessBase"]
[SourceDate "2013.11.20"]
[SourceVersion "1"]
[SourceVersionDate "2013.11.20"]
[SourceQuality "1"]

1. d4 d5 2. Nf3 Nf6 3. e3 e6 4. Nbd2 Be7 5. Bd3 0-0 6. b3 b6 7. Bb2 Bb7 8. Ne5 Nbd7 9. 0-0 c5 10. f4 Nxe5 11. dxe5 Ne8 12. Qg4 Bc8 13. e4 d4 14. Bc4 Nc7 15. a4 Kh8 16. Rf3 f5 17. exf6 Rxf6 18. Rh3 Qf8 19. Rf1 Bd7 20. e5 Rf7 21. Bd3 g6 22. Qxg6 Qg7 23. Qxg7+ Rxg7 24. Be4 Rf8 25. Nc4 b5 26. axb5 Bxb5 27. Bc1 Kg8 28. f5 exf5 29. Bxf5 Rgf7 30. g4 Bd7 31. Rhf3 Kg7 32. Rh3 Kh8 33. Bh6 Rd8 34. Bd2 Be6 35. Ba5 Bxf5 36. Bxc7 Rd7 37. gxf5 Rxc7 38. f6 Bf8 39. e6 Rxf6 40. Rxf6 Rg7+ 41. Rg3 1-0